Tlakové membránové procesy

Salvato in:
Dettagli Bibliografici
Autori principali: Mikulášek, Petr, Doleček, Petr (Autore), Jiránková, Hana (Autore), Kinčl, Ján (Autore), Kočiřík, Milan (Autore), Pospíšil, Petr (Autore), Schauer, Jan (Autore)
Natura: Libro
Lingua:ceco
Pubblicazione: Praha VŠCHT v Praze
Edizione:1. vyd.
Soggetti:
Accesso online:Visualizza in OPAC
Tags: Aggiungi Tag
Nessun Tag, puoi essere il primo ad aggiungerne!!

MARC

LEADER 00000nam a2200000 a 4500
005 20260127134115.0
008 170614 2013 xr 001 0 cze d
020 |a 97870808627 
035 |a vtls011636264 
039 9 |a 201706141358  |b mschk03  |y 201706141343  |z mschk03 
040 |a STUSCHK1  |b slo  |c STUSCHK1  |e AACR2 
100 1 |a Mikulášek, Petr 
245 1 |a Tlakové membránové procesy  |c Petr Mikulášek a kolektív 
250 |a 1. vyd. 
260 |a Praha  |b VŠCHT v Praze 
300 |a 254 s.  |b il.  |c 25 cm 
650 0 |a membránové procesy 
650 0 |a tlak 
700 |a Doleček, Petr  |4 aut 
700 |a Jiránková, Hana  |4 aut 
700 |a Kinčl, Ján  |4 aut 
700 |a Kočiřík, Milan  |4 aut 
700 |a Pospíšil, Petr  |4 aut 
700 |a Schauer, Jan  |4 aut 
910 |a SCHK95 
919 |a 978-80-7080-862-7 
999 |c 4218  |d 4218